Medias in Res Vok 4 - Statistiken

Allgemein
  • Dieses Quiz wurde 1.569 mal gespielt
  • Das Durchschnittsergebnis liegt bei 46 aus 56
Antwortstatistiken
Angabe Übs / 2. Fall / Geschlecht Antwort % Korrekt
cum Übs mit
96%
femina Übs Frau
95%
sine Übs ohne
93%
de Übs über, von (... herab)
93%
2. Fall feminae
92%
Romani Übs die Römer
91%
gaudium Übs Freude
91%
+ Fall Abl.
90%
terra Übs Erde, Land
90%
genus f.
90%
+ Fall Abl.
89%
+ Fall Abl.
88%
alienus/a/um Übs fremd
87%
pugno, -as Übs kämpfen
87%
genus n.
87%
novus/a/um Übs neu
87%
e / ex Übs von, aus
87%
narro, -as Übs erzählen
86%
genus m.
86%
2. Fall terrae
86%
2. Fall copiae
85%
genus f.
85%
2. Fall gaudii
85%
vita Übs Leben
85%
gladius Übs Schwert
85%
neco, -as Übs töten
85%
+ Fall Abl.
84%
genus f.
84%
bene (Adv.) Übs gut
84%
copia Übs Menge, Vorrat
84%
alius/a/ud Übs ein anderer
81%
genus f.
81%
pro Übs für
81%
2. Fall gladii
81%
genus m.
81%
2. P. narras
81%
2. P. pugnas
81%
2. Fall vitae
81%
alius - alius Übs der eine - der andere
80%
placeo, -es Übs gefallen
80%
2. P. necas
80%
2. Fall romanorum
79%
suus/a/um Übs sein, ihr
79%
2. P. places
78%
dono Übs schenken
78%
+ Fall Abl.
77%
supero, -as Übs besiegen, übertreffen
76%
a / ab Übs von
76%
+ Fall Abl.
75%
prae Übs vor
75%
+ Fall Abl.
74%
2. P. superas
74%
2. P. donas
73%
postremo Übs schließlich
72%
si Übs wenn
72%
neque, nec Übs und nicht
65%
Keine übereinstimmenden Quizze gefunden
Verteilung der Resultate
Anzahl Personen mit jedem Resultat
Perzentil nach korrekt beantworteten Fragen
Ihre Resultats-Entwicklung
Sie haben dieses Quiz noch nicht gespielt